| 000 | 00612nam a2200193Ia 4500 | ||
|---|---|---|---|
| 003 | GCL | ||
| 008 | 140319s9999 xx 000 0 ara d | ||
| 040 |
_aGCL / _cGCL |
||
| 082 | 0 | 4 |
_a001.6425 _bا ق |
| 100 | 1 | _aانيس حبلى | |
| 245 | 1 | 0 |
_aقاموس لغة الالة والتجميع للمعالج 6502 / _cانيس حبلى |
| 260 |
_a[S.N] : _bدار الراتب الجامعية ، _c1988 |
||
| 300 | _a239 ص | ||
| 490 | _a | ||
| 650 | 0 | 4 | _aالحاسبات الالكترونية |
| 650 | 0 | 4 | _aالبرامج |
| 650 | 0 | 4 | _aالحاسبات الالكترونية- لغات |
| 942 |
_2ddc _cBK |
||
| 999 |
_c54855 _d54855 |
||